Normal view
MARC view
- Kenworthy, John
Entry Personal Name
001 - CONTROL NUMBER
- control field: 85359
003 - CONTROL NUMBER IDENTIFIER
- control field: NUST
005 - DATE AND TIME OF LATEST TRANSACTION
- control field: 20211130181704.0
008 - FIXED-LENGTH DATA ELEMENTS
- fixed length control field: 211130|| aca||aabn | a|a d
040 ## - CATALOGING SOURCE
- Original cataloging agency: NUST
- Transcribing agency: NUST
100 ## - HEADING--PERSONAL NAME
- Personal name: Kenworthy, John
670 ## - SOURCE DATA FOUND
- Source citation: Work cat.: (NUST)31685: Kenworthy, John., Planning and control of manufacturing operations /, 1998.
